Lễ cưới người Pu Nả

Giới thiệu về người Pu Nả ở Lai Châu, hôn nhân và nghi lễ cưới của người Pu Nả, một số thành tố văn hóa nghệ thuật trong đám cưới người Pu Nả

Enregistré dans:
Détails bibliographiques
Format: Livre
Langue:Undetermined
Publié: Hà Nội Hội nhà văn 2018
Sujets:
Tags: Ajouter un tag
Pas de tags, Soyez le premier à ajouter un tag!
Thư viện lưu trữ: Trung tâm Học liệu Trường Đại học Cần Thơ
LEADER 00837nam a2200193Ia 4500
001 CTU_229793
008 210402s9999 xx 000 0 und d
082 |a 392.509597 
082 |b L250 
245 0 |a Lễ cưới người Pu Nả 
245 0 |c Lò Văn Chiến (Sưu tầm và dịch) 
260 |a Hà Nội 
260 |b Hội nhà văn 
260 |c 2018 
520 |a Giới thiệu về người Pu Nả ở Lai Châu, hôn nhân và nghi lễ cưới của người Pu Nả, một số thành tố văn hóa nghệ thuật trong đám cưới người Pu Nả 
650 |a Nghi thức và phong tục hôn nhân,Marriage customs and rites 
650 |z Việt Nam,Vietnam 
910 |b nthai 
980 |a Trung tâm Học liệu Trường Đại học Cần Thơ